| 000 | 00453nam a2200157Ia 4500 | ||
|---|---|---|---|
| 008 | 220216s9999 xx 000 0 und d | ||
| 100 | _aJohn Jacob P | ||
| 245 | 0 | _aRapid method for the estimation of volatile fatty acid in ammoniated concentrated latex | |
| 260 |
_bRubber Board Bulletin _c1967 |
||
| 300 | _a32-34 | ||
| 650 | _aLatex fatty acid estimation | ||
| 650 | _aRubber | ||
| 700 | _aKochappan Nair K | ||
| 700 | _aThomas E V | ||
| 942 | _cJS | ||
| 999 |
_c66332 _d66332 |
||